000 00444 a2200133 4500
001 ART_24043
005 20260410161933.0
008 260409a
245 1 0 _aAnálisis teórico y empírico de los seguros ambientales en Argentina
100 1 _aVigier, Hernán
700 1 _aPesce, Gabriela
700 1 _aDurán, Regina
773 0 _tRevista de Economía Política de Buenos Aires
_g- Año 6, Nº 11 (mayo 2012)
_wREV23982
999 _c28811
_d28811